000 00698nas a2200205 i 4500
001 182844
003 ES-MaACL
005 20250217134908.0
008 131114d19281935it a| | ||ta d
245 0 0 _aBollettino del Laboratorio di Entomologia del R. Istituto superiore agrario di Bologna.
260 _aBologna :
_bSoc. tip. Compositori,
_c1928-1935.
300 _a1 vol. (264 p.) :
_bil. ;
_c27 cm.
310 _aAnual
362 0 _aVol. 1 (1928)-vol. 7 (1934/35)
650 0 4 _aEntomología.
_912324
710 2 _aIstituto Superiore Agrario di Bologna.
_bLaboratorio di Entomologia.
_9153830
852 _aES-MaACL
_jC-9173
866 0 _o1933-1934 (Vol. VI).
999 _c182844
_d182844